Codes postaux par centaines : villes de la région Limousin - Statistiques

Statistiques générales
  • Ce quiz a été pris 60 fois
  • Le résultat moyen est 12 sur 26
Statistiques - réponses
Département Code postal Ville % Correct
Corrèze 19100 Brive-la-Gaillarde
95%
Haute-Vienne 87000 Limoges
93%
Creuse 23000 Guéret
91%
Corrèze 19000 Tulle
88%
Creuse 23300 La Souterraine
79%
Corrèze 19200 Ussel
74%
Haute-Vienne 87300 Bellac
67%
Haute-Vienne 87200 Saint-Junien
67%
Creuse 23200 Aubusson
65%
Haute-Vienne 87500 Saint-Yrieix-la-Perche
60%
Haute-Vienne 87600 Rochechouart
56%
Corrèze 19300 Égletons
53%
Creuse 23400 Bourganeuf
51%
Haute-Vienne 87400 Saint-Léonard-de-Noblat
44%
Haute-Vienne 87700 Aixe-sur-Vienne
40%
Haute-Vienne 87800 Nexon
40%
Corrèze 19400 Argentat-sur-Dordogne
23%
Creuse 23600 Boussac
23%
Creuse 23700 Auzances
19%
Corrèze 19800 Corrèze
19%
Creuse 23500 Felletin
19%
Corrèze 19600 Saint-Pantaléon-de-Larche
19%
Creuse 23800 Dun-le-Palestel
16%
Creuse 23100 La Courtine
12%
Corrèze 19500 Meyssac / Jugeals-Nazareth
9%
Corrèze 19700 Seilhac / Saint-Clément
7%
Aucun quiz correspondant
Distribution des résultats
% des personnes avec chaque résultat
Percentile par nombre de réponses
Votre historique - résultats
Vous n’avez pas pris ce quiz